000 00695nam a2200277Ia 4500
005 20260324115139.0
008 008 260324s9999 xx 000 0 eng d
020 _a9780367440930
037 _aEBOOK
040 _aCRL
040 _beng
040 _cCRL
041 _2eng
041 _aeng
084 _qCRL
100 _aDamilare D. Fagbemi; David Wheeler; JC Wheeler
_91153540
245 4 _aThe IoT Architect's Guide to Attainable Security and Privacy
260 _bTaylor and Francis
260 _c2019
365 _a
365 _b135
856 _uhttp://www.taylorfrancis.com/books/9780367440930
942 _cEBOOK
999 _c1744205
_d1744205